LIBRARY & INFORMATION CENTRE, KCAET, TAVANUR

ONLINE PUBLIC ACCESS CATALOGUE (OPAC)

Engineering materials / (Record no. 136)

MARC details
000 -LEADER
fixed length control field 00560cam a2200241ua 4500
041 ## - LANGUAGE CODE
Language code of text/sound track or separate title eng
082 ## - DEWEY DECIMAL CLASSIFICATION NUMBER
Classification number 691
Item number RAJ/EN
100 ## - MAIN ENTRY--AUTHOR NAME
Personal name Rajaraman, S .
245 ## - TITLE STATEMENT
Title Engineering materials /
250 ## - EDITION STATEMENT
Edition statement 12 /
260 ## - PUBLICATION, DISTRIBUTION, ETC. (IMPRINT)
Place of publication Trivandrum :
Name of publisher St Josephs Press ,
Year of publication 1965.
300 ## - PHYSICAL DESCRIPTION
Number of Pages 312 ; .
942 ## - ADDED ENTRY ELEMENTS (KOHA)
Koha item type Books
Holdings
Withdrawn status Lost status Damaged status Home library Current library Date acquired Cost, normal purchase price Full call number Accession Number Koha item type
      KAUAET KAUAET 07/04/2012 6.00 691 7183 Books
      KAUAET KAUAET 07/04/2012 6.00 691 7179 Books
      KAUAET KAUAET 07/04/2012 6.00 691 7182 Books
      KAUAET KAUAET 07/04/2012 6.00 691 7178 Books
      KAUAET KAUAET 07/04/2012 6.00 691 7174 Books
Withdrawn     KAUAET KAUAET 07/04/2012 6.00 691 7176 Books
Withdrawn   Damaged KAUAET KAUAET 19/06/2020 6.00 691 RAJ/EN 7172 Books
Withdrawn Lost and Paid For   KAUAET KAUAET 19/06/2020 6.00 691 RAJ/EN 7173 Books
Withdrawn Lost and Paid For   KAUAET KAUAET 19/06/2020 6.00 691 RAJ/EN 7180 Books
free website counter